| 000 | 01112nam a22002657a 4500 | ||
|---|---|---|---|
| 005 | 20240530110459.0 | ||
| 008 | 150620s2011 ua g b 000 0 ara d | ||
| 017 |
_a2010/10884 _bمصر . دار الكتب المصرية |
||
| 020 | _a9789774362320 | ||
| 040 | _aEG-CaGPL | ||
| 082 | 0 | 4 |
_221 _a291.042 _bق/إ أ |
| 100 | 0 | _aاسماعيل حامد | |
| 245 | 1 | 2 |
_aالانبياء و الرسل فى مصر الفرعونية : _bديانة المصريين القدماء بين تعاليم الانبياء و تحريف الكهنة / _cتاليف اسماعيل حامد |
| 250 | _aط1 | ||
| 260 |
_aالقاهرة : _bمكتبة النافذة ، _c2011 . |
||
| 300 |
_a338 ص ؛ _c24 سم |
||
| 504 | _aببليوجرافية : ص 325 - 333 | ||
| 650 | 0 | 4 | _aالديانات القديمة |
| 650 | 0 | 4 | _aمصر القديمة فى القرآن |
| 650 | 0 | 4 |
_aالحضارة الفرعونية _xعقائد و عبادات |
| 650 | 0 | 4 |
_aالانبياء _yمصر القديمة |
| 650 | 0 | 4 | _aالحضارة الفرعونية |
| 942 |
_2ddc _cBK |
||
| 999 |
_c61431 _d61431 |
||